Trend top v motorizme

Automobilový priemysel na Slovensku. Automobilový trh v SR. Tuning. Automobilový trh v Európe. Auto roka. Poistenie. Proti krádežiam. Lízing. Trendy v automobilizme. Automobilky vo svete. Rebríčky spoľahlivosti. Crash testy. Rely. Cenník osobných automobilov a poistné sadzby na Slovensku.

Salvato in:
Dettagli Bibliografici
Natura: Capitolo di libro
Lingua:slovacco
Soggetti:
Tags: Aggiungi Tag
Nessun Tag, puoi essere il primo ad aggiungerne!!

MARC

LEADER 00000naa$a2200000$$$4500
001 0040576
005 20231009083133.5
041 0 |a slo 
044 |a SK 
245 1 0 |a Trend top v motorizme 
520 |a Automobilový priemysel na Slovensku. Automobilový trh v SR. Tuning. Automobilový trh v Európe. Auto roka. Poistenie. Proti krádežiam. Lízing. Trendy v automobilizme. Automobilky vo svete. Rebríčky spoľahlivosti. Crash testy. Rely. Cenník osobných automobilov a poistné sadzby na Slovensku. 
610 2 0 |a priemysel automobilový 
610 2 0 |a trh 
610 2 0 |a Slovensko 
610 2 0 |a svet 
610 2 0 |a poistenie 
610 2 0 |a poistenie povinné zmluvné 
610 2 0 |a krádeže 
610 2 0 |a lízing 
610 2 0 |a ceny